Расчет трансформаторов: учебное пособие

Dades bibliogràfiques
Autor principal: Тихомиров П. М. Павел Михайлович
Sumari:Изложены основы теории расчета силовых трансформаторов с плоскими и пространственными магнитными системами из холоднокатаной текстурованной электротехнической стали и обмотками из медного и алюминиевого провода с масляным и воздушным охлаждением. Даны практические примеры расчета. Приведены необходимые для расчета сведения по конструкции магнитных систем обмоток, систем охлаждения современных силовых трансформаторов и справочные материалы. Для студентов вузов электротехнических и энергетических специальностей.
Idioma:rus
Publicat: Москва, Альянс, 2009
Edició:6-е изд., стер.
Matèries:
Format: Llibre
KOHA link:https://koha.lib.tpu.ru/cgi-bin/koha/opac-detail.pl?biblionumber=157233

MARC

LEADER 00000nam0a2200000 4500
001 157233
005 20231101221942.0
010 |a 9785903034604 
035 |a (RuTPU)RU\TPU\book\170530 
090 |a 157233 
100 |a 20090406d2009 m y0rusy50 ca 
101 0 |a rus 
102 |a RU 
105 |a a j 001zy 
200 1 |a Расчет трансформаторов  |e учебное пособие  |f П. М. Тихомиров 
205 |a 6-е изд., стер. 
210 |a Москва  |c Альянс  |d 2009 
215 |a 528 с.  |c ил. 
320 |a Библиогр.: с. 518. 
320 |a Предметный указатель: с. 519-524. 
330 |a Изложены основы теории расчета силовых трансформаторов с плоскими и пространственными магнитными системами из холоднокатаной текстурованной электротехнической стали и обмотками из медного и алюминиевого провода с масляным и воздушным охлаждением. Даны практические примеры расчета. Приведены необходимые для расчета сведения по конструкции магнитных систем обмоток, систем охлаждения современных силовых трансформаторов и справочные материалы. Для студентов вузов электротехнических и энергетических специальностей. 
451 1 |0 (RuTPU)RU\TPU\book\33905  |t Расчет трансформаторов  |o учебное пособие  |f П. М. Тихомиров  |e 5-е изд., перераб. и доп.  |c М.  |n Энергоатомиздат  |d 1986  |p 528 с.  |a Тихомиров, Павел Михайлович 
606 1 |a Трансформаторы  |x Расчет  |2 stltpush  |3 (RuTPU)RU\TPU\subj\61417  |9 78609 
610 1 |a проектирование 
610 1 |a конструкции 
610 1 |a размеры 
610 1 |a изоляция 
610 1 |a обмотки 
610 1 |a короткое замыкание 
610 1 |a магнитная система 
610 1 |a тепловой расчет 
610 1 |a примеры расчета 
610 1 |a исходные данные 
610 1 |a анализ 
610 1 |a серии 
610 1 |a учебные пособия 
675 |a 621.314.21.001(075.8)  |v 3 
700 1 |a Тихомиров  |b П. М.  |g Павел Михайлович 
801 1 |a RU  |b 63413507  |c 20090406  |g PSBO 
801 2 |a RU  |b 63413507  |c 20220407  |g PSBO 
900 |a Электромеханика 
942 |c BK 
959 |a 44/20090406  |d 250  |e 0  |f АНЛ:1  |f ЧЗТЛ:1  |f УФ:248 
959 |a 118/20091201  |d 80  |e 575,00  |f УФ:80